<?xml version="1.0" encoding="UTF-8"?>
<collection xmlns="http://www.loc.gov/MARC21/slim">
 <record>
  <leader>01632nam a2200217Ia 4500</leader>
  <controlfield tag="001">CTU_184510</controlfield>
  <controlfield tag="008">210402s9999    xx            000 0 und d</controlfield>
  <datafield tag="082" ind1=" " ind2=" ">
   <subfield code="a">632.7</subfield>
  </datafield>
  <datafield tag="082" ind1=" " ind2=" ">
   <subfield code="b">Th114</subfield>
  </datafield>
  <datafield tag="088" ind1=" " ind2=" ">
   <subfield code="a">60620112</subfield>
  </datafield>
  <datafield tag="100" ind1=" " ind2=" ">
   <subfield code="a">Đặng, Thị Hồng Thắm</subfield>
  </datafield>
  <datafield tag="245" ind1=" " ind2="0">
   <subfield code="a">Sự gây hại của bọ trĩ (Thysanoptera) trên rau màu ở tỉnh Vĩnh Long và đề xuất biện pháp phòng trừ :</subfield>
  </datafield>
  <datafield tag="245" ind1=" " ind2="0">
   <subfield code="b">Luận văn thạc sĩ. Chuyên ngành: bảo vệ thực vật</subfield>
  </datafield>
  <datafield tag="245" ind1=" " ind2="0">
   <subfield code="c">Đặng Thị Hồng Thắm ; Nguyễn Thị Thu Cúc hướng dẫn</subfield>
  </datafield>
  <datafield tag="260" ind1=" " ind2=" ">
   <subfield code="a">Cần Thơ</subfield>
  </datafield>
  <datafield tag="260" ind1=" " ind2=" ">
   <subfield code="b">Đại Học Cần Thơ</subfield>
  </datafield>
  <datafield tag="260" ind1=" " ind2=" ">
   <subfield code="c">2013</subfield>
  </datafield>
  <datafield tag="520" ind1=" " ind2=" ">
   <subfield code="a">Tìm hiểu về kỹ thuật canh tác cây dưa hấu (một loại cây thường bị bò trĩ gây hại nặng) trên một số địa bàn điều tra. Xác định mức độ gây hại cảu bọ trĩ trên một số loại rau ở địa bàn tỉnh Vĩnh Long và thành phần loại bò trĩ gây hại. Khảo sát các đặc điểm  hình thái, sinh học, sự gây hại và diễn biến mật số của một số loại bò trĩ gây hại chính trên rau màu tại Vĩnh Long. Đánh giá hiệu quả của một số biện pháp phòng trừ bọ trĩ T. palmi trong điều kiện phòng thí nghiệm, nhà lưới.</subfield>
  </datafield>
  <datafield tag="650" ind1=" " ind2=" ">
   <subfield code="a">Plant diseases,Bệnh cây trồng</subfield>
  </datafield>
  <datafield tag="904" ind1=" " ind2=" ">
   <subfield code="i">Kim, Thị Ngọc Yến</subfield>
  </datafield>
  <datafield tag="980" ind1=" " ind2=" ">
   <subfield code="a">Trung tâm Học liệu Trường Đại học Cần Thơ</subfield>
  </datafield>
 </record>
</collection>
